| 000 | 00504nam a2200169 i 4500 | ||
|---|---|---|---|
| 001 | 107033 | ||
| 003 | ES-MaACL | ||
| 005 | 20230906184331.0 | ||
| 007 | t| | ||
| 008 | 061121s1941 sp r ||||1| spa d | ||
| 100 | 1 |
_aMoreu, Angel. _983492 |
|
| 245 | 1 | 0 |
_aManual de gonioscopia _b: la exploración clinica del ángulo iridocorneal / _cÁngel Moreu. |
| 260 |
_aMadrid : _bMorata, _c1941. |
||
| 300 |
_a127 p. : _bil. ; _c24 cm. |
||
| 650 | 4 |
_aGonioscopia. _9170158 |
|
| 852 |
_aES-MaACL _jE-817 _bR.20201 |
||
| 999 |
_c107033 _d107033 |
||